BYU Basketball: Leading Scorer Every Year - Statistics

General Stats
  • This quiz has been taken 70 times
    25 since last reset
  • The average score is 27 of 76
Answer Stats
Year Player Average % Correct
2009-2010 Jimmer Fredette 22.1
91%
2010-2011 Jimmer Fredette 28.9
91%
2023-2024 Jaxson Robinson 14.2
83%
1989-1990 Marty Haws 18.5
83%
2012-2013 Tyler Haws 21.7
83%
2013-2014 Tyler Haws 23.2
83%
2014-2015 Tyler Haws 22.2
83%
1977-1978 Danny Ainge 21.1
78%
1978-1979 Danny Ainge 18.4
78%
1979-1980 Danny Ainge 19.1
78%
1980-1981 Danny Ainge 24.4
78%
2018-2019 Yoeli Childs 21.2
70%
2019-2020 Yoeli Childs 22.2
70%
2016-2017 Eric Mika 20.3
65%
1986-1987 Michael Smith 20.1
65%
1987-1988 Michael Smith 21.2
65%
1988-1989 Michael Smith 26.4
65%
1982-1983 Devin Durrant 22.8
52%
1983-1984 Devin Durrant 27.9
52%
2020-2021 Alex Barcello 16.1
48%
2021-2022 Alex Barcello 16.8
48%
1971-1972 Kresimir Cosic 22.3
48%
1972-1973 Kresimir Cosic 20.2
48%
2004-2005 Mike Hall 13.5
48%
2015-2016 Chase Fischer 18.2
43%
2017-2018 Elijah Bryant 18.2
43%
2022-2023 Fousseyni Traore 12.9
43%
2011-2012 Noah Hartsock 16.8
43%
1990-1991 Shawn Bradley 14.8
43%
2005-2006 Trent Plaisted 13.6
43%
2001-2002 Travis Hansen 15.6
39%
2002-2003 Travis Hansen 16.8
39%
1981-1982 Fred Roberts 15.5
35%
1995-1996 Kenneth Roberts 19.3
35%
2007-2008 Lee Cummard 15.8
35%
2008-2009 Lee Cummard 16.8
35%
2000-2001 Mekeli Wesley 17.2
35%
2003-2004 Rafael Araujo 18.4
35%
1985-1986 Jeff Chatman 17.5
30%
1998-1999 Mark Bigelow 15.0
26%
1993-1994 Russell Larson 19.9
26%
1994-1995 Russell Larson 17.9
26%
1965-1966 Dick Nemelka 24.0
22%
2006-2007 Keena Young 17.4
22%
1948-1949 Joe Nelson 14.9
17%
1949-1950 Joe Nelson 14.9
17%
1950-1951 Roland Minson 16.7
17%
1999-2000 Terrell Lyday 17.1
17%
1984-1985 Timo Saarelainen 22.0
17%
1970-1971 Bernie Fryer 19.2
13%
1958-1959 Bob Skousen 17.8
13%
1961-1962 Bob Skousen 15.1
13%
1959-1960 Dave Eastis 20.1
13%
1953-1954 Dean Larsen 15.2
13%
1968-1969 Doug Howard 15.4
13%
1969-1970 Doug Howard 18.2
13%
1991-1992 Gary Trost 14.2
13%
1992-1993 Gary Trost 15.2
13%
1996-1997 Jeff Campbell 15.3
13%
1966-1967 Craig Raymond 14.3
9%
1954-1955 Herschel Pedersen 16.2
9%
1975-1976 Jay Cheesman 17.6
9%
1976-1977 Jay Cheesman 15.9
9%
1951-1952 Joe Richey 14.7
9%
1952-1953 Joe Richey 17.6
9%
1963-1964 John Fairchild 20.3
9%
1964-1965 John Fairchild 21.5
9%
1957-1958 John Nicoll 17.8
9%
1997-1998 Ron Selleaze 16.8
9%
1974-1975 Brian Frishman 15.4
4%
1962-1963 Bruce Burton 17.1
4%
1973-1974 Doug Richards 20.3
4%
1960-1961 Gary Earnest 16.5
4%
1967-1968 Kari Liimo 17.1
4%
1955-1956 Terry Tebbs 19.5
4%
1956-1957 Tom Steinke 19.7
4%
No matching quizzes found
Score Distribution
Percent of People with Each Score
Percentile by Number Answered
Your Score History
You have not taken this quiz since the last reset